• 首页
  • 本馆介绍
  • 公告通知
  • 最新文献
  • 馆藏检索
  • 电子资源
  • 读者导购
  • 参考咨询
  • 我的图书馆
  • 登录
  • 详细信息显示
  • 放入我的书架
  • 预约/预借图书
  • 作者相关作品
  • 分类相关作品
  • 丛书相关作品
  • 出版社相关作品

书目信息

  • 表格格式
  • 工作单格式
  • 卡片格式
题名:
天涯归客
    
 
作者: 陈学昭 著
分册:  
出版信息: 杭州   浙江人民出版社  1980
页数: 314页
开本: 21cm
丛书名:
单 册:
中图分类: I25 , I251
科图分类:
主题词: 革命回忆录--中国 , 传记文学--中国 , 报告文学--中国
电子资源:
ISBN:
000 00713nam0 2200277 45
001 0180002164
005 20060803152707.67
010    @dCNY0.90
091    @a10103.187
100    @a19950316d1980 em y0chiy0121 ea
101 0  @achi
102    @aCN@b330000
105    @ac z 000za
200 10 @a天涯归客@Atian ya gui ke@e文学回忆录@f陈学昭著
210    @a杭州@c浙江人民出版社@d1980
215    @a314页@c照片@d21cm
600  0 @a陈学昭@x回忆录
606    @a革命回忆录@y中国
606 0  @a传记文学@x中国
606 0  @a报告文学@x中国
690    @aI25@v3
690    @aI251@v3
701  0 @a陈学昭@Achen xue zhao@4著
801  0 @aCN@b上海图书馆@c20060803
801  2 @aCN@bNLC@c20060728
905    @dI25@e81
    
    天涯归客:文学回忆录/陈学昭著.-杭州:浙江人民出版社,1980
    314页:照片;21cm
    
    
    ISBN :CNY0.90
    
●
相关链接 在E读中查询图书 在五车中查询图书 在当当中查询图书 在豆瓣中查询图书


正题名:天涯归客     索取号:I25/81         预约/预借

序号 登录号 条形码 馆藏地/架位号 状态 备注
1 0039719   001904559   密集书库/ [索取号:I25/81] 在馆    
2 0039720   000582989   第二借阅区/ [索取号:I25/81] 在馆    
3 0039721   000582943   第一样本阅览室/ [索取号:I25/81] 在馆    
4 0428441   204284416   密集书库/ [索取号:I25/81] 在馆    
5 0449241   204492414   密集书库/ [索取号:I25/81] 在馆    
唐山师范学院图书馆 欢迎您!
大连网信软件有限公司© 版权所有